000 00509nam a2200205Ia 4500
003 0100
008 130303s9999 xx 000 0 und d
040 _cARRUPELIB
050 _aB2799.E8C4613 2002
100 _aChalier, Catherine
245 _aWhat ought i to do?
245 _bmorality in Kant and Levinas
260 _aIthaca
260 _bCornell University Press
260 _C2002
300 _a197p.
300 _b 23 cm
650 _bBible OT Pentateuch--Introductions
942 _2lcc
_02
999 _c58909
_d58909